00306 2200133 4500001002100000005001500021035002000036245003100056300000800087260004500095082000800140084001200148990001200160INLIS00000000000239520250528120230 a0010-0525000687 aIdolamu? Itu Aku /cAmelia a164 aJakarta :bGramedia Pustaka Utama,c2003 a813 a813 IDO a0713415